| 000 | 00493nam a2200145 a 4500 | ||
|---|---|---|---|
| 001 | 000034047 | ||
| 005 | 20200930070729.0 | ||
| 008 | 110921s1978 sp 000 0 spa d | ||
| 020 | _a9467-1978 | ||
| 040 |
_aDO-SdBNP _bspa _cBNPHU |
||
| 100 | 1 |
_aColson, Jaime _d1901-1975. _937723 |
|
| 245 | 1 | 0 |
_aJaime Colson : _bmemorias de un pintor trashumante : Paris 1924-Santo Domingo 1968 / _cJaime Colson. |
| 260 |
_aSanto Domingo : _bFundación Colson, _c1978. |
||
| 300 |
_a162 p. : _bil., retrs. ; _c29 cm. |
||
| 999 |
_c33538 _d33538 |
||